Novelizované predpisy o dani z pridanej hodnoty S dôvodovými správami

Gespeichert in:
Bibliographische Detailangaben
Format: Buch
Sprache:Slowakisch
Veröffentlicht: Bratislava Epos 1993
Ausgabe:1. vyd.
Schlagworte:
Tags: Tag hinzufügen
Keine Tags, Fügen Sie das erste Tag hinzu!

MARC

LEADER 00000nam a2200000 4500
001 c003966
005 20221214083622.5
020 |a 80-85703-45-9 
041 0 |a slo 
044 |a SK 
245 1 0 |a Novelizované predpisy o dani z pridanej hodnoty  |b S dôvodovými správami 
250 |a 1. vyd. 
264 1 |a Bratislava  |b Epos  |c 1993 
300 |a 108 s. 
610 2 0 |a dane z hodnoty pridanej 
610 2 0 |a Slovensko 
610 2 0 |a 1992-1993 
610 2 0 |a vyhlášky 
610 2 0 |a komentáre